Toutes les communes de l'Ardèche sur une carte - Statistiques

Statistiques générales
  • Ce quiz a été pris 1 514 fois
  • Le résultat moyen est 74 sur 335
Réponses sur la Carte
Les réponses sont colorées sur une échelle allant du rouge au vert en fonction du pourcentage des utilisateurs qui les ont devinées à leur premier essai. Vous pouvez retrouver ces pourcentages ci-dessous.
 
Statistiques - réponses
Population Commune % Correct
8 465 Privas
93%
12 479 Aubenas
88%
16 297 Annonay
85%
10 622 Tournon-sur-Rhône
72%
2 412 Vallon-Pont-d'Arc
70%
169 Saint-Pierre-Saint-Jean
63%
8 832 Le Teil
59%
1 587 Largentière
55%
256 Saint-Jean-Chambre
54%
2 508 Saint-Jean-de-Muzols
54%
845 Saint-Jean-le-Centenier
54%
247 Saint-Jean-Roure
54%
3 530 Vals-les-Bains
53%
10 756 Guilherand-Granges
52%
4 848 La Voulte-sur-Rhône
49%
2 276 Ruoms
49%
413 Saint-Étienne-de-Boulogne
49%
2 833 Saint-Étienne-de-Fontbellon
49%
413 Saint-Étienne-de-Lugdarès
49%
211 Saint-Étienne-de-Serre
49%
297 Saint-Étienne-de-Valoux
49%
7 187 Bourg-Saint-Andéol
48%
2 877 Le Cheylard
48%
2 879 Le Pouzin
48%
310 Saint-Julien-d'Intres
48%
175 Saint-Julien-du-Gua
48%
872 Saint-Julien-du-Serre
48%
1 461 Saint-Julien-en-Saint-Alban
48%
114 Saint-Julien-le-Roux
48%
223 Saint-Julien-Vocance
48%
430 Saint-Pierre-de-Colombier
48%
63 Saint-Pierre-la-Roche
48%
109 Saint-Pierre-sur-Doux
48%
2 655 Les Vans
47%
949 Saint-Martin-d'Ardèche
47%
1 096 Saint-Martin-de-Valamas
47%
432 Saint-Martin-sur-Lavezon
47%
7 580 Saint-Péray
44%
2 380 Saint-Marcel-d'Ardèche
43%
1 384 Saint-Marcel-lès-Annonay
43%
3 063 Cruas
42%
958 Saint-Paul-le-Jeune
42%
1 752 Joyeuse
41%
3 689 Viviers
41%
3 015 Chomérac
40%
2 349 Lamastre
39%
3 001 Villeneuve-de-Berg
38%
1 097 Vogüé
37%
1 464 Alba-la-Romaine
36%
2 377 Saint-Agrève
36%
172 Saint-Laurent-les-Bains-Laval-d'Aurelle
36%
2 276 Peaugres
35%
1 589 Saint-Laurent-du-Pape
35%
111 Saint-Laurent-sous-Coiron
35%
3 168 Davézieux
34%
1 084 Saint-Alban-Auriolles
34%
1 419 Saint-Alban-d'Ay
34%
77 Saint-Alban-en-Montagne
34%
516 Beaulieu
33%
2 979 Charmes-sur-Rhône
33%
790 Coucouron
33%
132 Issarlès
33%
2 284 Soyons
33%
374 Balazuc
31%
192 Lachapelle-Graillouse
31%
1 657 Lachapelle-sous-Aubenas
31%
165 Lachapelle-sous-Chanéac
31%
2 292 Rochemaure
31%
313 Saint-Maurice-d'Ardèche
31%
217 Saint-Maurice-d'Ibie
31%
208 Saint-Maurice-en-Chalencon
31%
1 273 Jaujac
30%
926 Saint-Didier-sous-Aubenas
30%
533 Saint-Sauveur-de-Cruzières
30%
1 106 Saint-Sauveur-de-Montagut
30%
1 844 Beauchastel
29%
2 405 Saint-Georges-les-Bains
29%
266 Saint-Michel-d'Aurance
29%
149 Saint-Michel-de-Boulogne
29%
389 Saint-Michel-de-Chabrillanoux
29%
1 688 Saint-Privat
29%
2 228 Sarras
29%
1 662 Coux
28%
216 Sainte-Eulalie
28%
1 216 Thueyts
28%
894 Vallées-d'Antraigues-Asperjoc
28%
1 962 Vernoux-en-Vivarais
28%
2 206 Lablachère
27%
2 226 Lavilledieu
27%
1 205 Andance
26%
61 Lachamp-Raphaël
26%
461 Saint-André-de-Cruzières
26%
210 Saint-André-en-Vivarais
26%
149 Saint-André-Lachamp
26%
1 147 Saint-Félicien
26%
1 248 Saint-Romain-d'Ay
26%
900 Saint-Romain-de-Lerps
26%
2 311 Cornas
25%
1 006 Les Ollières-sur-Eyrieux
25%
597 Orgnac-l'Aven
25%
1 688 Saint-Just-d'Ardèche
25%
267 Saint-Martial
25%
1 280 Saint-Priest
25%
837 Saint-Vincent-de-Barrès
25%
254 Saint-Vincent-de-Durfort
25%
318 Colombier-le-Cardinal
24%
572 Colombier-le-Jeune
24%
657 Colombier-le-Vieux
24%
1 171 Lagorce
24%
257 Mars
24%
858 Saint-Remèze
24%
1 137 Serrières
24%
2 062 Ucel
24%
1 254 Baix
23%
1 118 Lalevade-d'Ardèche
23%
255 Le Lac-d'Issarlès
23%
123 Saint-Andéol-de-Berg
23%
54 Saint-Andéol-de-Fourchades
23%
519 Saint-Andéol-de-Vals
23%
1 990 Vesseaux
23%
251 Bidon
22%
1 358 Labégude
22%
1 160 Lussas
22%
1 183 Mauves
22%
1 345 Meysse
22%
1 126 Rompon
22%
139 Saint-Cirgues-de-Prades
22%
217 Saint-Cirgues-en-Montagne
22%
290 Saint-Jacques-d'Atticieux
22%
1 897 Saint-Montan
22%
535 Arras-sur-Rhône
21%
581 Champagne
21%
1 224 Flaviac
21%
633 Gras
21%
671 Labeaume
21%
773 Limony
21%
99 Mézilhac
21%
739 Montpezat-sous-Bauzon
21%
1 392 Saint-Cyr
21%
1 708 Toulaud
21%
522 Burzet
20%
205 Lanarce
20%
254 Le Béage
20%
931 Meyras
20%
473 Pradons
20%
1 514 Veyras
20%
1 184 Villevocance
20%
628 Vocance
20%
989 Alboussière
19%
308 Labastide-de-Virac
19%
248 Labastide-sur-Bésorgues
19%
379 Lalouvesc
19%
264 Mayres
19%
715 Mirabel
19%
1 249 Rosières
19%
711 Saint-Germain
19%
1 748 Saint-Sernin
19%
2 614 Vernosc-lès-Annonay
19%
1 458 Alissas
18%
336 Chalencon
18%
452 Lanas
18%
581 Montréal
18%
2 746 Roiffieux
18%
120 Saint-Symphorien-de-Mahun
18%
777 Saint-Symphorien-sous-Chomérac
18%
461 Saint-Thomé
18%
950 Saint-Victor
18%
704 Salavas
18%
1 503 Satillieu
18%
761 Berrias-et-Casteljau
17%
164 Berzème
17%
1 713 Félines
17%
911 Grospierres
17%
243 Larnas
17%
1 210 Mercuer
17%
1 186 Prades
17%
497 Saint-Barthélemy-Grozon
17%
199 Saint-Barthélemy-le-Meil
17%
833 Saint-Barthélemy-le-Plain
17%
844 Saint-Désirat
17%
412 Uzer
17%
944 Vion
17%
661 Banne
16%
146 Borée
16%
240 Châteaubourg
16%
1 019 Laurac-en-Vivarais
16%
54 Le Chambon
16%
1 686 Quintenas
16%
777 Saint-Fortunat-sur-Eyrieux
16%
1 085 Talencieux
16%
935 Vanosc
16%
551 Ailhon
15%
693 Glun
15%
372 La Souche
15%
59 Le Roux
15%
588 Pont-de-Labeaume
15%
1 187 Saint-Clair
15%
526 Saint-Pierreville
15%
232 Sampzon
15%
447 Valvignères
15%
1 401 Vinezac
15%
1 253 Ardoix
14%
614 Boffres
14%
49 Borne
14%
1 162 Désaignes
14%
381 Ozon
14%
482 Peyraud
14%
88 Saint-Clément
14%
95 Saint-Jeure-d'Andaure
14%
486 Saint-Jeure-d'Ay
14%
173 Saint-Joseph-des-Bancs
14%
239 Thorrenc
14%
117 Usclades-et-Rieutord
14%
417 Valgorge
14%
44 Astet
13%
2 376 Boulieu-lès-Annonay
13%
913 Charnas
13%
263 Châteauneuf-de-Vernoux
13%
149 Cros-de-Géorand
13%
254 Darbres
13%
297 Devesset
13%
434 Dunière-sur-Eyrieux
13%
333 Fons
13%
46 Freyssenet
13%
105 Laviolle
13%
601 Lyas
13%
121 Mazan-l'Abbaye
13%
81 Montselgues
13%
847 Plats
13%
216 Rochecolombe
13%
320 Saint-Bauzile
13%
248 Saint-Cierge-la-Serre
13%
209 Saint-Cierge-sous-le-Cheylard
13%
950 Saint-Lager-Bressac
13%
146 Sceautres
13%
583 Vagnas
13%
377 Arcens
12%
468 Aubignas
12%
206 Barnas
12%
444 Bogy
12%
259 Boucieu-le-Roi
12%
616 Champis
12%
523 Chandolas
12%
931 Étables
12%
99 Issanlas
12%
284 Marcols-les-Eaux
12%
511 Pranles
12%
116 Sagnes-et-Goudoulet
12%
296 Saint-Pons
12%
903 Savas
12%
466 Vinzieux
12%
170 Aizac
11%
415 Chauzon
11%
1 028 Eclassan
11%
275 Genestelle
11%
81 Gourdon
11%
797 Lemps
11%
47 Loubaresse
11%
242 Rochepaule
11%
457 Rochessauve
11%
269 Saint-Prix
11%
508 Saint-Sylvestre
11%
534 Sécheras
11%
158 Albon-d'Ardèche
10%
326 Arlebosc
10%
251 Beaumont
10%
220 Bessas
10%
1 039 Chassiers
10%
397 Cheminas
10%
236 Chirols
10%
205 Dornas
10%
619 Empurany
10%
178 Gilhac-et-Bruzac
10%
460 Gilhoc-sur-Ormèze
10%
169 Juvinas
10%
64 Monestier
10%
703 Préaux
10%
315 Ribes
10%
276 Rocher
10%
258 Rocles
10%
346 Saint-Basile
10%
332 Saint-Genest-de-Beauzon
10%
110 Saint-Genest-Lachamp
10%
447 Sanilhac
10%
81 Ajoux
9%
941 Chambonas
9%
254 Chanéac
9%
433 Fabras
9%
371 Gluiras
9%
87 Issamoulenc
9%
297 Joannas
9%
201 Labatie-d'Andaure
9%
145 Laboule
9%
232 Lentillères
9%
763 Les Assions
9%
318 Lespéron
9%
242 Malarce-sur-la-Thines
9%
146 Malbosc
9%
556 Mariac
9%
243 Pailharès
9%
50 Péreyres
9%
177 Sablières
9%
376 Accons
8%
252 Bozas
8%
151 Creysseilles
8%
499 Gravières
8%
62 La Rochette
8%
44 Lavillatte
8%
520 Le Crestet
8%
250 Nozières
8%
134 Pourchères
8%
135 Prunet
8%
113 Sainte-Marguerite-Lafigère
8%
112 Saint-Gineys-en-Coiron
8%
103 Saint-Mélany
8%
380 Silhac
8%
225 Vernon
8%
552 Belsentes
7%
84 Cellier-du-Luc
7%
150 Chazeaux
7%
58 Dompnac
7%
537 Payzac
7%
153 Planzolles
7%
107 Saint-Christol
7%
200 Tauriers
7%
260 Brossainc
6%
119 Jaunac
6%
38 Lafarre
6%
104 Laveyrune
6%
83 Le Plagnal
6%
207 Vaudevant
6%
207 Beauvène
5%
97 Faugères
5%
372 Les Salelles
5%
206 Saint-Apollinaire-de-Rias
5%
Aucun quiz correspondant
Distribution des résultats
% des personnes avec chaque résultat
Percentile par nombre de réponses
Votre historique - résultats
Vous n’avez pas pris ce quiz